000 00657nam a2200229Ia 4500
003 OSt
005 20221007073436.0
006 a|||||r|||| 00| 0
007 ta
008 221006b |||||||| |||| 00| 0 eng d
024 _a10,163
037 _cReference Collections
040 _aFLL
_cFLL
_beng
041 _2eng
_aeng
082 _aV2:271:9Z, K8
100 _aImam Mohammed Au.
_9692077
245 0 _aIndian supreme court and the constitution
260 _aLucknow
_bEastern book company India
_c1968
300 _a571p
_ccm.
942 _hV2:271:9Z, K8
_cREF
_2CC
999 _c1148750
_d1148750